000 00218nam a2200097Ia 4500
005 20251222114413.0
008 251222s1900||||xx |||||||||||||| ||spa||
082 _aDVD0157/H52/2009
245 4 _aThe 13th day:
942 _cDVD
999 _c2114
_d2114